00891cam a2200229 a 4500020001500000040000800015082002600023100002200049245001800071260003900089300003300128520014700161650000900308650002300317650001600340700001800356856006200374856006600436942000700502999001700509952013500526 a0395816742 cDLC00a808 CLA 1998 A093 Or.1 aPalatini, Margie.10aZak's lunch / aNew York :bClarion Books,cc1998. a32 p. :bcol. ill. ;c26 cm. aRather than eat his boring old ham and cheese sandwich, Zak conjures up Lou, a waitress who serves him a delectable feast for the imagination. 1aFood 1aDinners and dining 1aImagination1 aFine, Howard,42uhttp://www.loc.gov/catdir/description/hm022/97018799.html42uhttp://www.loc.gov/catdir/enhancements/fy0735/97018799-b.html cEK c13233d13233 0010406808_000000000000000_CLA_1998_A095_OR70963808aLBAbLBAcA095d2017-08-22o808 CLA 1998 A095 Or.pA18711r2017-08-22yEK